Hướng dẫn thực hành thiết kế lắp đặt điện nhà

Salvato in:
Dettagli Bibliografici
Autore principale: Trần Duy Phụng
Natura: Libro
Lingua:Undetermined
Pubblicazione: Đà Nẵng Nxb. Đà Nẵng 1999
Soggetti:
Tags: Aggiungi Tag
Nessun Tag, puoi essere il primo ad aggiungerne! !
Thư viện lưu trữ: Trung tâm Học liệu Trường Đại học Cần Thơ
LEADER 00589nam a2200169Ia 4500
001 CTU_46354
008 210402s9999 xx 000 0 und d
082 |a 621.3192 
082 |b Ph513t 
100 |a Trần Duy Phụng 
245 0 |a Hướng dẫn thực hành thiết kế lắp đặt điện nhà 
245 0 |c Trần Duy Phụng 
260 |a Đà Nẵng 
260 |b Nxb. Đà Nẵng 
260 |c 1999 
650 |a electric engineering - equipment and supplies,household appliances, electric 
980 |a Trung tâm Học liệu Trường Đại học Cần Thơ